<?xml version="1.0" encoding="UTF-8"?>
<marc:record xmlns:marc="http://www.loc.gov/MARC21/slim">
   <marc:leader>00000nam a2200000 a 4500</marc:leader>
   <marc:datafield ind1="1" ind2=" " tag="100">
      <marc:subfield code="a">Balagué, Guillem</marc:subfield>
      <marc:subfield code="4">aut</marc:subfield>
      <marc:subfield code="e">Verfasser/-in</marc:subfield>
   </marc:datafield>
   <marc:datafield ind1=" " ind2=" " tag="653">
      <marc:subfield code="a">Biografie</marc:subfield>
   </marc:datafield>
   <marc:datafield ind1=" " ind2=" " tag="653">
      <marc:subfield code="a">Messi, Lionel</marc:subfield>
   </marc:datafield>
   <marc:datafield ind1="0" ind2="0" tag="245">
      <marc:subfield code="a">Messi</marc:subfield>
   </marc:datafield>
   <marc:datafield ind1=" " ind2="1" tag="264">
      <marc:subfield code="b">Edel Sports</marc:subfield>
      <marc:subfield code="c">2022</marc:subfield>
   </marc:datafield>
   <marc:datafield ind1="1" ind2=" " tag="520">
      <marc:subfield code="a"> Die Biografie des besten Fußballspielers der Welt

Lionel „Leo“ Messi ist ein Phänomen. Trotz weltweiter Verehrung ist kaum etwas über das Leben des sechsfachen Weltfußballers bekannt. Als erster Autor hat Guillem Balagué mit Messi selbst und seiner Familie gesprochen, außerdem seine Trainer sowie zahlreiche Mitspieler und Wegbegleiter getroffen. Das Ergebnis ist ein faszinierendes, sehr persönliches Porträt des genialen Superstars. 

Die Standardbiografie des wahrscheinlich besten Fußballspielers der Welt.</marc:subfield>
   </marc:datafield>
   <marc:datafield ind1=" " ind2=" " tag="020">
      <marc:subfield code="a">9783985880119</marc:subfield>
      <marc:subfield code="9">9783985880119</marc:subfield>
   </marc:datafield>
</marc:record>
